| 000 | 01162nam a22002175i 4500 | ||
|---|---|---|---|
| 001 | 166091 | ||
| 003 | ES-MaACL | ||
| 005 | 20251013063132.0 | ||
| 008 | 940206s1887 sp |||| | spa d | ||
| 100 | 1 |
_aTaviel de Andrade, Enrique, _d-1894 _9133150 |
|
| 245 | 1 | 0 |
_aHistoria de la Exposición de las islas Filipinas en Madrid el año 1887 : _bcon una explicación de su posición geográfica, de cómo las hemos adquirido y un compendio de la historia de las Marianas, Carolinas, Filipinas y Palaos : su producción, importación y exportación / _cpor Enrique Taviel de Andrade. |
| 260 |
_aMadrid : _b[s.n.], _c1887 ( _fImp. de Ulpiano Gómez y Pérez) |
||
| 300 |
_a2 v. (XV, 119 ; 256 p.) ; _c22 cm. |
||
| 530 | _aDisponible en formato digital. | ||
| 611 | 2 |
_aExposición General de las Islas Filipinas. _d1887. _cMadrid) _9689 |
|
| 651 | 4 |
_aFilipinas- _xHistoria. _98658 |
|
| 651 | 4 |
_aEspaña- _xColonias- _zOceanía. _9172157 |
|
| 852 |
_aES-MaACL _jG-1807 _z-- Enc. hol. _q-- Sólo el t. II _z.- Donat. Sr. Moret |
||
| 856 |
_uhttp://bdh-rd.bne.es/viewer.vm?id=0000250963&page=1 _zBiblioteca Digital Hispánica |
||
| 999 |
_c166091 _d166091 |
||